BORN GLOBAL FIRMS A NEW INTERNATIONAL EN (Record no. 30062)

MARC details
000 -LEADER
fixed length control field 00351nam a2200133Ia 4500
008 - FIXED-LENGTH DATA ELEMENTS--GENERAL INFORMATION
fixed length control field 240624s9999 xx 000 0 und d
041 ## - LANGUAGE CODE
Language code of text/sound track or separate title eng
082 ## - DEWEY DECIMAL CLASSIFICATION NUMBER
Classification number 338.8 CAV
100 ## - MAIN ENTRY--PERSONAL NAME
Personal name CAVUSGIL S TAMER
245 ## - TITLE STATEMENT
Title BORN GLOBAL FIRMS A NEW INTERNATIONAL EN
260 ## - PUBLICATION, DISTRIBUTION, ETC.
Date of publication, distribution, etc. 2009
Place of publication, distribution, etc. New York
Name of publisher, distributor, etc. Business Expert Press
300 ## - PHYSICAL DESCRIPTION
Extent 128 p.; 22 cm.
365 ## - TRADE PRICE
Currency code
Price amount 30
Holdings
Withdrawn status Lost status Damaged status Not for loan Home library Current library Shelving location Date acquired Cost, normal purchase price Total Checkouts Full call number Barcode Date last seen Date last checked out Copy number Price effective from Koha item type
        IMTN IMTN Rack 13-A 12/06/2017 27.95 3 338.8 CAV 30062 10/13/2025 10/09/2025 67.3 06/24/2024 Books
Designed & Maintained by: LRC IMT Nagpur Contact: lrc@imtnag.ac.in© 2024. All Rights Reserved.